000 00298nam a2200109Ia 4500
001 1275950
005 20260417160438.0
008 260417s9999 xx 000 0 und d
020 _a9786256495104
245 0 _aYörük Ali Efe ve Dağlardaki Yiğitler
_cBüşra Şen Altun
260 _bKetebe Çocuk
999 _c1275950
_d1275950